Estadísticas para ¿Qué Ciudad en Francia?

Haz click aquí para intentar la prueba.

Estadísticas generales

  • Esta prueba ha sido intentada 252 veces
  • La puntuación promedio es 14 de 22

Estadísticas de respuestas

DescripciónCiudad% Correcto
Capital de FranciaParis
100%
Presenta el festival de cine más conocido de EuropaCannes
88%
Ciudad que comparte el nombre del palacio más famoso de FranciaVersalles
79%
La capital del vino del mundoBurdeos
76%
Sede del Parlamento de la UEEstrasburgo
75%
La "Fête des Lumières" de esta ciudad atrae entre 3 y 4 millones de visitantes cada diciembreLyon
74%
Ciudad más poblada de la RivieraNiza
73%
Hay uno "nuevo" en AméricaOrleans
73%
La ciudad francesa más grande del MediterráneoMarseille
72%
La ciudad francesa más cercana a Gran BretañaCalais
68%
Hogar de Airbus, es conocido como "La ciudad rosa"Toulouse
68%
Esta ciudad tiene una carrera de auto de 24 horasLe Mans
66%
Ciudad más grande cerca de la frontera con BélgicaLille
66%
Un famoso tipo de mostaza viene de aquíDijón
62%
Ciudad más grande de CorcegaAjaccio
59%
Sede del papado en los 1300Aviñon
55%
Capital de Francia del 1940-44Vichy
53%
Tropas británicas evacuaron de aquí en 1940Dunkerque
51%
Monet pintó la catedral de esta ciudad del norteRuan
50%
Capital de Guayana FrancesaCayena
41%
Su nombre significa "El Puerto"El Havre
37%
Capital de la Polinesia Francesa, en la isla de TahitíPapeeté
32%

Distribución de puntuación

Porcentaje por número respondido

Porcentaje de gente con cada puntuación

Historial de tus puntuaciones

No has intentado esta prueba.